[Event "ABC 2025 Groep C"]
[Site "Utrecht"]
[Date "2025.03.16"]
[Round "7.9"]
[White "Srivatsa, Kirtin"]
[Black "Okita, Ryoga"]
[Result "1/2-1/2"]
[WhiteFideId "8983249"]
[BlackFideId "8910759"]
[WhiteElo "1749"]
[BlackElo "1750"]

1. e4 {[%clk 00:55:19]} c5 {[%clk 00:55:16]} {[%emt 00:00:05]} 2. Nf3 {[%clk
00:55:25]} {[%emt 00:00:04]} Nc6 {[%clk 00:55:22]} {[%emt 00:00:05]} 3. d4
{[%clk 00:55:29]} {[%emt 00:00:05]} cxd4 {[%clk 00:55:27]} {[%emt 00:00:05]} 4.
Nxd4 {[%clk 00:55:34]} {[%emt 00:00:05]} g6 {[%clk 00:55:34]} {[%emt 00:00:03]}
5. Be3 {[%clk 00:54:16]} {[%emt 00:01:27]} Bg7 {[%clk 00:55:38]} {[%emt
00:00:06]} 6. Nc3 {[%clk 00:53:46]} {[%emt 00:00:41]} d6 {[%clk 00:54:55]}
{[%emt 00:00:53]} 7. Be2 {[%clk 00:51:06]} {[%emt 00:02:50]} Nf6 {[%clk
00:54:26]} {[%emt 00:00:39]} 8. O-O {[%clk 00:50:45]} {[%emt 00:00:30]} O-O
{[%clk 00:53:40]} {[%emt 00:00:57]} 9. a3 {[%clk 00:44:04]} {[%emt 00:06:52]}
Bd7 {[%clk 00:52:03]} {[%emt 00:01:46]} 10. f3 {[%clk 00:42:36]} {[%emt
00:01:38]} Rc8 {[%clk 00:48:12]} {[%emt 00:03:59]} 11. Qd2 {[%clk 00:40:15]}
{[%emt 00:02:32]} a6 {[%clk 00:47:19]} {[%emt 00:01:03]} 12. Rfd1 {[%clk
00:38:26]} {[%emt 00:01:59]} Re8 {[%clk 00:44:28]} {[%emt 00:03:01]} 13. Rab1
{[%clk 00:37:50]} {[%emt 00:00:47]} Rb8 {[%clk 00:36:39]} {[%emt 00:07:59]} 14.
a4 {[%clk 00:32:37]} {[%emt 00:05:23]} Qc7 {[%clk 00:34:47]} {[%emt 00:02:02]}
15. Bf1 {[%clk 00:24:37]} {[%emt 00:08:10]} Rec8 {[%clk 00:33:40]} {[%emt
00:01:17]} 16. Nde2 {[%clk 00:23:13]} {[%emt 00:01:34]} Ne5 {[%clk 00:30:58]}
{[%emt 00:02:50]} 17. Nf4 {[%clk 00:19:26]} {[%emt 00:03:58]} Bc6 {[%clk
00:28:25]} {[%emt 00:02:43]} 18. b4 {[%clk 00:18:18]} {[%emt 00:01:18]} b5
{[%clk 00:25:31]} {[%emt 00:03:05]} 19. a5 {[%clk 00:17:48]} {[%emt 00:00:40]}
Ba8 {[%clk 00:24:34]} {[%emt 00:01:07]} 20. Rb3 {[%clk 00:16:58]} {[%emt
00:01:00]} Nc4 {[%clk 00:22:33]} {[%emt 00:02:10]} 21. Bxc4 {[%clk 00:16:36]}
{[%emt 00:00:32]} Qxc4 {[%clk 00:21:49]} {[%emt 00:00:54]} 22. Qd3 {[%clk
00:15:17]} {[%emt 00:01:30]} Qxd3 {[%clk 00:19:20]} {[%emt 00:02:39]} 23. cxd3
{[%clk 00:14:33]} {[%emt 00:00:54]} e6 {[%clk 00:17:12]} {[%emt 00:02:18]} 24.
Rc1 {[%clk 00:13:32]} {[%emt 00:01:11]} Rc6 {[%clk 00:16:23]} {[%emt 00:00:59]}
25. Nce2 {[%clk 00:12:55]} {[%emt 00:00:46]} Rxc1+ {[%clk 00:15:42]} {[%emt
00:00:51]} 26. Bxc1 {[%clk 00:12:30]} {[%emt 00:00:35]} Nd7 {[%clk 00:14:44]}
{[%emt 00:01:08]} 27. Bb2 {[%clk 00:10:55]} {[%emt 00:01:46]} Bxb2 {[%clk
00:13:34]} {[%emt 00:01:19]} 28. Rxb2 {[%clk 00:10:56]} {[%emt 00:00:10]} Rc8
{[%clk 00:13:26]} {[%emt 00:00:18]} 29. Kf2 {[%clk 00:09:57]} {[%emt 00:01:08]}
e5 {[%clk 00:13:23]} {[%emt 00:00:14]} 30. Nh3 {[%clk 00:09:44]} {[%emt
00:00:22]} f6 {[%clk 00:13:10]} {[%emt 00:00:23]} 31. Ke3 {[%clk 00:08:55]}
{[%emt 00:01:00]} d5 {[%clk 00:12:59]} {[%emt 00:00:21]} 32. g4 {[%clk
00:08:08]} {[%emt 00:00:56]} d4+ {[%clk 00:11:38]} {[%emt 00:01:32]} 33. Kd2
{[%clk 00:07:57]} {[%emt 00:00:20]} h6 {[%clk 00:11:20]} {[%emt 00:00:28]} 34.
Rc2 {[%clk 00:06:19]} {[%emt 00:01:48]} Rxc2+ {[%clk 00:11:23]} {[%emt
00:00:08]} 35. Kxc2 {[%clk 00:06:28]} {[%emt 00:00:01]} Kf7 {[%clk 00:11:19]}
{[%emt 00:00:14]} 36. Kb3 {[%clk 00:06:05]} {[%emt 00:00:33]} Ke6 {[%clk
00:10:39]} {[%emt 00:00:50]} 37. f4 {[%clk 00:06:05]} {[%emt 00:00:09]} Bb7
{[%clk 00:08:17]} {[%emt 00:02:32]} 38. Ng3 {[%clk 00:05:30]} {[%emt 00:00:45]}
Bc8 {[%clk 00:08:04]} {[%emt 00:00:23]} 39. f5+ {[%clk 00:05:26]} {[%emt
00:00:15]} Kf7 {[%clk 00:07:48]} {[%emt 00:00:26]} 40. Nf2 {[%clk 00:05:14]}
{[%emt 00:00:22]} Nb8 {[%emt 00:01:17]} 41. h4 {[%clk 00:05:11]} {[%emt
00:00:11]} Nc6 {[%clk 00:06:12]} {[%emt 00:00:40]} 42. Ka3 {[%clk 00:05:07]}
{[%emt 00:00:15]} Bd7 {[%clk 00:05:19]} {[%emt 00:01:03]} 43. Kb3 {[%clk
00:05:15]} {[%emt 00:00:02]} Ne7 {[%clk 00:04:59]} {[%emt 00:00:31]} 44. Ka3
{[%clk 00:04:52]} {[%emt 00:00:33]} h5 {[%clk 00:04:53]} {[%emt 00:00:15]} 45.
fxg6+ {[%clk 00:04:42]} {[%emt 00:00:20]} Kxg6 {[%clk 00:04:54]} {[%emt
00:00:09]} 46. Nxh5 {[%clk 00:04:50]} {[%emt 00:00:03]} Ng8 {[%clk 00:04:10]}
{[%emt 00:00:54]} 47. Ng3 {[%clk 00:04:39]} {[%emt 00:00:21]} Nh6 {[%clk
00:04:17]} {[%emt 00:00:03]} 48. Nf5 {[%clk 00:04:38]} {[%emt 00:00:10]} Nxf5
{[%clk 00:03:22]} {[%emt 00:01:05]} 49. exf5+ {[%clk 00:04:43]} {[%emt
00:00:06]} Kh6 {[%clk 00:03:05]} {[%emt 00:00:27]} 50. Ne4 {[%clk 00:04:50]}
{[%emt 00:00:02]} Kg7 {[%clk 00:03:03]} {[%emt 00:00:13]} 51. Nd6 {[%clk
00:04:45]} {[%emt 00:00:15]} Kf8 {[%clk 00:02:57]} {[%emt 00:02:01]} 52. Kb3
{[%clk 00:06:46]} {[%emt 00:00:04]} Ke7 {[%clk 00:03:01]} {[%emt 00:00:05]} 53.
Ne4 {[%clk 00:06:53]} {[%emt 00:00:03]} Kf7 {[%clk 00:03:02]} {[%emt 00:00:09]}
54. Kc2 {[%clk 00:06:57]} {[%emt 00:00:06]} Kg7 {[%clk 00:03:03]} {[%emt
00:00:09]} 55. Nd6 {[%clk 00:06:51]} {[%emt 00:00:16]} Kf8 {[%clk 00:03:08]}
{[%emt 00:00:05]} 56. g5 {[%clk 00:06:49]} {[%emt 00:00:13]} fxg5 {[%clk
00:03:08]} {[%emt 00:00:11]} 57. hxg5 {[%clk 00:06:57]} {[%emt 00:00:01]} Ke7
{[%clk 00:03:16]} {[%emt 00:00:02]} 58. g6 {[%clk 00:07:01]} {[%emt 00:00:06]}
Kf6 {[%emt 00:01:14]} 1/2-1/2

[Event "ABC 2025 Groep C"]
[Site "Utrecht"]
[Date "2025.03.16"]
[Round "7.10"]
[White "Botter, Simon"]
[Black "Zhou, Yanyang"]
[Result "0-1"]
[WhiteFideId "8969279"]
[BlackFideId "8990377"]
[WhiteElo "1769"]
[BlackElo "1740"]

1. d4 {[%clk 00:55:15]} {[%emt 00:00:03]} Nf6 {[%clk 00:55:17]} {[%emt
00:00:05]} 2. Bf4 {[%clk 00:55:19]} {[%emt 00:00:05]} d5 {[%clk 00:55:18]}
{[%emt 00:00:09]} 3. e3 {[%clk 00:55:25]} {[%emt 00:00:04]} e6 {[%clk
00:55:20]} {[%emt 00:00:08]} 4. Nd2 {[%clk 00:55:29]} {[%emt 00:00:05]} c5
{[%clk 00:54:53]} {[%emt 00:00:38]} 5. c3 {[%clk 00:55:34]} {[%emt 00:00:05]}
Nc6 {[%clk 00:54:53]} {[%emt 00:00:11]} 6. Bd3 {[%clk 00:55:35]} {[%emt
00:00:09]} Be7 {[%clk 00:54:45]} {[%emt 00:00:18]} 7. h4 {[%clk 00:55:30]}
{[%emt 00:00:14]} Bd6 {[%clk 00:54:16]} {[%emt 00:00:39]} 8. Bxd6 {[%clk
00:51:00]} {[%emt 00:04:40]} Qxd6 {[%clk 00:54:21]} {[%emt 00:00:06]} 9. Ngf3
{[%clk 00:50:39]} {[%emt 00:00:30]} a6 {[%clk 00:53:08]} {[%emt 00:01:24]} 10.
a4 {[%clk 00:48:17]} {[%emt 00:02:31]} O-O {[%clk 00:52:40]} {[%emt 00:00:37]}
11. Qe2 {[%clk 00:47:23]} {[%emt 00:01:04]} e5 {[%clk 00:51:08]} {[%emt
00:01:42]} 12. dxe5 {[%clk 00:45:32]} {[%emt 00:02:01]} Nxe5 {[%clk 00:51:06]}
{[%emt 00:00:13]} 13. Nxe5 {[%clk 00:45:20]} {[%emt 00:00:22]} Qxe5 {[%clk
00:51:11]} {[%emt 00:00:05]} 14. Nf3 {[%clk 00:40:55]} {[%emt 00:04:35]} Qe7
{[%clk 00:49:43]} {[%emt 00:01:38]} 15. Nd2 {[%clk 00:34:50]} {[%emt 00:06:15]}
Be6 {[%clk 00:48:09]} {[%emt 00:01:44]} 16. c4 {[%clk 00:29:29]} {[%emt
00:05:32]} Rfd8 {[%clk 00:46:04]} {[%emt 00:02:15]} 17. O-O {[%clk 00:28:52]}
{[%emt 00:00:47]} Rd7 {[%clk 00:42:25]} {[%emt 00:03:49]} 18. Rad1 {[%clk
00:26:23]} {[%emt 00:02:38]} Rad8 {[%clk 00:41:54]} {[%emt 00:00:41]} 19. e4
{[%clk 00:23:55]} {[%emt 00:02:38]} dxe4 {[%clk 00:40:43]} {[%emt 00:01:21]} 20.
Nxe4 {[%clk 00:23:32]} {[%emt 00:00:32]} Nxe4 {[%clk 00:40:24]} {[%emt
00:00:30]} 21. Qxe4 {[%clk 00:23:22]} {[%emt 00:00:20]} g6 {[%clk 00:39:17]}
{[%emt 00:01:18]} 22. h5 {[%clk 00:22:20]} {[%emt 00:01:11]} Rd4 {[%clk
00:38:36]} {[%emt 00:00:50]} 23. Qf3 {[%clk 00:18:45]} {[%emt 00:03:45]} Bg4
{[%clk 00:36:01]} {[%emt 00:02:46]} 24. Qg3 {[%clk 00:16:55]} {[%emt 00:02:00]}
Bxd1 {[%clk 00:34:58]} {[%emt 00:01:12]} 25. Rxd1 {[%clk 00:16:36]} {[%emt
00:00:29]} Qd6 {[%clk 00:34:07]} {[%emt 00:01:02]} 26. Qf3 {[%emt 00:00:28]}
0-1

[Event "ABC 2025 Groep C"]
[Site "Utrecht"]
[Date "2025.03.16"]
[Round "7.11"]
[White "Hagen, Maurits"]
[Black "Uitermark, Imre"]
[Result "1/2-1/2"]
[WhiteFideId "8829205"]
[BlackFideId "8861336"]
[WhiteElo "1685"]
[BlackElo "1810"]

1. d4 {[%clk 00:54:31]} {[%emt 00:00:49]} f5 {[%clk 00:55:16]} {[%emt
00:00:05]} 2. Bf4 {[%clk 00:54:24]} {[%emt 00:00:18]} d6 {[%clk 00:54:44]}
{[%emt 00:00:42]} 3. e3 {[%clk 00:54:27]} {[%emt 00:00:06]} Nd7 {[%clk
00:54:42]} {[%emt 00:00:12]} 4. Be2 {[%clk 00:54:11]} {[%emt 00:00:26]} Ngf6
{[%clk 00:54:11]} {[%emt 00:00:40]} 5. Nd2 {[%clk 00:54:03]} {[%emt 00:00:19]}
g6 {[%clk 00:54:05]} {[%emt 00:00:16]} 6. h4 {[%clk 00:54:03]} {[%emt
00:00:10]} e5 {[%clk 00:54:05]} {[%emt 00:00:10]} 7. Bg3 {[%clk 00:53:09]}
{[%emt 00:01:04]} Bh6 {[%clk 00:50:36]} {[%emt 00:03:38]} 8. Nb3 {[%clk
00:50:43]} {[%emt 00:02:37]} O-O {[%clk 00:48:42]} {[%emt 00:02:03]} 9. Nf3
{[%clk 00:47:35]} {[%emt 00:03:18]} Ne4 {[%clk 00:47:10]} {[%emt 00:01:43]} 10.
Bh2 {[%clk 00:46:02]} {[%emt 00:01:42]} Ndf6 {[%clk 00:39:26]} {[%emt
00:07:54]} 11. dxe5 {[%clk 00:39:24]} {[%emt 00:06:49]} Ng4 {[%clk 00:34:49]}
{[%emt 00:04:47]} 12. Bg1 {[%clk 00:38:20]} {[%emt 00:01:13]} dxe5 {[%clk
00:32:08]} {[%emt 00:02:52]} 13. Nfd2 {[%clk 00:35:43]} {[%emt 00:02:47]} Ngf6
{[%clk 00:30:28]} {[%emt 00:01:51]} 14. Nxe4 {[%clk 00:35:29]} {[%emt
00:00:23]} Nxe4 {[%clk 00:29:32]} {[%emt 00:01:06]} 15. Bd3 {[%clk 00:35:28]}
{[%emt 00:00:10]} Nd6 {[%clk 00:28:28]} {[%emt 00:01:15]} 16. Qe2 {[%clk
00:35:17]} {[%emt 00:00:19]} Qe7 {[%clk 00:25:17]} {[%emt 00:03:23]} 17. O-O-O
{[%clk 00:33:09]} {[%emt 00:02:18]} a5 {[%clk 00:18:45]} {[%emt 00:06:43]} 18.
a3 {[%clk 00:31:05]} {[%emt 00:02:14]} Be6 {[%clk 00:11:53]} {[%emt 00:07:02]}
19. Kb1 {[%clk 00:29:08]} {[%emt 00:02:07]} e4 {[%clk 00:10:37]} {[%emt
00:01:25]} 20. Bb5 {[%clk 00:26:49]} {[%emt 00:02:29]} c6 {[%clk 00:10:34]}
{[%emt 00:00:14]} 21. Rxd6 {[%clk 00:26:43]} {[%emt 00:00:15]} Qxd6 {[%clk
00:10:14]} {[%emt 00:00:30]} 22. Bc4 {[%clk 00:26:48]} {[%emt 00:00:05]} Bxc4
{[%clk 00:09:21]} {[%emt 00:01:03]} 23. Qxc4+ {[%clk 00:26:50]} {[%emt
00:00:08]} Qd5 {[%clk 00:08:51]} {[%emt 00:00:40]} 24. Qe2 {[%clk 00:25:27]}
{[%emt 00:01:33]} Rad8 {[%clk 00:07:31]} {[%emt 00:01:30]} 25. Bh2 {[%clk
00:25:14]} {[%emt 00:00:23]} f4 {[%clk 00:05:49]} {[%emt 00:01:53]} 26. exf4
{[%clk 00:23:04]} {[%emt 00:02:19]} Bxf4 {[%clk 00:05:48]} {[%emt 00:00:10]} 27.
Bxf4 {[%clk 00:22:35]} {[%emt 00:00:40]} Rxf4 {[%emt 00:00:03]} 28. g3 {[%clk
00:21:51]} {[%emt 00:00:52]} Rf7 {[%clk 00:05:19]} {[%emt 00:00:46]} 29. g4
{[%clk 00:21:02]} {[%emt 00:01:01]} a4 {[%clk 00:04:23]} {[%emt 00:01:06]} 30.
Nc1 {[%clk 00:20:51]} {[%emt 00:00:20]} e3 {[%clk 00:04:15]} {[%emt 00:00:19]}
31. Rf1 {[%clk 00:20:03]} {[%emt 00:00:58]} exf2 {[%clk 00:03:56]} {[%emt
00:00:29]} 32. Rxf2 {[%clk 00:20:04]} {[%emt 00:00:09]} Rxf2 33. Qxf2 {[%emt
00:00:01]} Rf8 {[%clk 00:03:58]} {[%emt 00:00:16]} 34. Qe2 {[%clk 00:19:58]}
{[%emt 00:00:22]} Rf7 {[%clk 00:03:15]} {[%emt 00:00:56]} 35. h5 {[%clk
00:18:49]} {[%emt 00:01:19]} Kg7 {[%clk 00:02:14]} {[%emt 00:01:12]} 36. Nd3
{[%clk 00:18:04]} {[%emt 00:00:54]} gxh5 {[%clk 00:01:42]} {[%emt 00:00:43]} 37.
gxh5 {[%clk 00:18:05]} {[%emt 00:00:09]} Kf8 {[%clk 00:01:11]} {[%emt
00:00:40]} 38. Qe1 {[%clk 00:17:01]} {[%emt 00:01:00]} Qxh5 {[%clk 00:01:06]}
{[%emt 00:00:31]} 39. Qb4+ {[%clk 00:17:03]} {[%emt 00:00:07]} Kg8 {[%clk
00:00:57]} {[%emt 00:00:20]} 40. Qxa4 {[%clk 00:16:44]} {[%emt 00:00:28]} Qh1+
{[%clk 00:00:40]} {[%emt 00:00:26]} 41. Ka2 {[%clk 00:16:38]} {[%emt 00:00:16]}
Qd5+ {[%clk 00:00:47]} {[%emt 00:00:04]} 42. b3 {[%clk 00:16:10]} {[%emt
00:00:38]} Qg2 {[%clk 00:00:24]} {[%emt 00:00:33]} 43. Qc4 {[%clk 00:16:04]}
{[%emt 00:00:14]} Qd5 {[%clk 00:00:24]} {[%emt 00:00:11]} 44. Qg4+ {[%clk
00:15:54]} {[%emt 00:00:21]} Kf8 {[%clk 00:00:19]} {[%emt 00:00:14]} 45. Qc8+
{[%clk 00:15:41]} {[%emt 00:00:24]} Kg7 {[%clk 00:00:26]} {[%emt 00:00:03]} 46.
Qg4+ {[%clk 00:15:27]} {[%emt 00:00:24]} Kh8 {[%clk 00:00:12]} {[%emt
00:00:24]} 47. Qe2 {[%clk 00:15:06]} {[%emt 00:00:28]} Kg7 {[%clk 00:00:15]}
{[%emt 00:00:10]} 48. Qe1 {[%clk 00:14:39]} {[%emt 00:00:37]} Qd4 {[%clk
00:00:14]} {[%emt 00:00:10]} 49. a4 {[%clk 00:14:05]} {[%emt 00:00:45]} Kg8
{[%emt 00:00:43]} 50. Qg3+ {[%emt 00:00:02]} Rg7 1/2-1/2

[Event "ABC 2025 Groep C"]
[Site "Utrecht"]
[Date "2025.03.16"]
[Round "7.12"]
[White "Drenthen, Abel"]
[Black "John, Ryan"]
[Result "1/2-1/2"]
[WhiteFideId "8800924"]
[BlackFideId "8959291"]
[WhiteElo "1726"]
[BlackElo "1808"]

1. e4 {[%clk 00:55:17]} {[%emt 00:00:01]} c5 {[%clk 00:55:15]} {[%emt
00:00:07]} 2. Nf3 {[%clk 00:55:23]} {[%emt 00:00:04]} Nc6 {[%clk 00:55:16]}
{[%emt 00:00:09]} 3. d4 {[%clk 00:55:32]} cxd4 {[%clk 00:55:16]} {[%emt
00:00:10]} 4. Nxd4 {[%clk 00:55:41]} {[%emt 00:00:01]} e6 {[%clk 00:55:14]}
{[%emt 00:00:12]} 5. Be3 {[%clk 00:55:43]} {[%emt 00:00:08]} Nf6 {[%clk
00:55:10]} {[%emt 00:00:14]} 6. Nc3 {[%clk 00:55:46]} {[%emt 00:00:06]} Bb4
{[%clk 00:55:07]} {[%emt 00:00:14]} 7. Bd3 {[%clk 00:55:44]} {[%emt 00:00:12]}
O-O {[%clk 00:54:14]} {[%emt 00:01:02]} 8. O-O {[%clk 00:55:42]} {[%emt
00:00:12]} Bxc3 {[%clk 00:54:03]} {[%emt 00:00:22]} 9. bxc3 {[%clk 00:55:29]}
{[%emt 00:00:23]} d5 {[%clk 00:53:33]} {[%emt 00:00:40]} 10. Nxc6 {[%clk
00:55:10]} {[%emt 00:00:29]} bxc6 {[%clk 00:53:28]} {[%emt 00:00:15]} 11. exd5
{[%clk 00:54:55]} {[%emt 00:00:25]} exd5 {[%clk 00:53:11]} {[%emt 00:00:28]} 12.
Bg5 {[%clk 00:54:09]} {[%emt 00:00:55]} Qd6 {[%clk 00:52:03]} {[%emt 00:01:18]}
13. h3 {[%clk 00:52:39]} {[%emt 00:01:40]} Qe5 {[%clk 00:51:17]} {[%emt
00:00:52]} 14. Qd2 {[%clk 00:49:30]} {[%emt 00:03:23]} Ne4 {[%clk 00:45:09]}
{[%emt 00:06:17]} 15. Bxe4 {[%clk 00:48:56]} {[%emt 00:00:45]} Qxe4 {[%clk
00:44:54]} {[%emt 00:00:22]} 16. Rfe1 {[%clk 00:48:29]} {[%emt 00:00:38]} Qg6
{[%clk 00:44:42]} {[%emt 00:00:23]} 17. Kh1 {[%clk 00:48:16]} {[%emt 00:00:23]}
Bf5 {[%clk 00:44:03]} {[%emt 00:00:48]} 18. Rac1 {[%clk 00:47:07]} {[%emt
00:01:20]} h6 {[%clk 00:43:28]} {[%emt 00:00:45]} 19. Bf4 {[%clk 00:46:28]}
{[%emt 00:00:49]} Rfe8 {[%clk 00:41:30]} {[%emt 00:02:09]} 20. Rxe8+ {[%clk
00:45:42]} {[%emt 00:00:56]} Rxe8 {[%clk 00:41:24]} {[%emt 00:00:16]} 21. Be3
{[%clk 00:45:09]} {[%emt 00:00:41]} a6 {[%clk 00:39:24]} {[%emt 00:02:13]} 22.
Qe2 {[%clk 00:41:21]} {[%emt 00:03:57]} a5 {[%clk 00:34:07]} {[%emt 00:05:27]}
23. Qd2 {[%clk 00:40:24]} {[%emt 00:01:07]} Re6 {[%clk 00:31:11]} {[%emt
00:03:04]} 24. f3 {[%clk 00:39:34]} {[%emt 00:01:02]} Qg3 {[%clk 00:27:37]}
{[%emt 00:03:37]} 25. Bf2 {[%clk 00:37:00]} {[%emt 00:02:50]} Qe5 {[%clk
00:26:26]} {[%emt 00:01:14]} 26. Re1 {[%clk 00:36:46]} {[%emt 00:00:31]} Qd6
{[%clk 00:25:20]} {[%emt 00:01:08]} 27. Rxe6 {[%clk 00:36:30]} {[%emt
00:00:35]} Bxe6 {[%clk 00:24:59]} {[%emt 00:00:31]} 28. Qc1 {[%clk 00:34:02]}
{[%emt 00:02:37]} Kh7 {[%clk 00:21:13]} {[%emt 00:03:56]} 29. g4 {[%clk
00:34:02]} {[%emt 00:00:12]} Qe5 {[%clk 00:20:22]} {[%emt 00:00:56]} 30. Qe3
{[%clk 00:34:00]} {[%emt 00:00:14]} Qxe3 {[%clk 00:19:50]} {[%emt 00:00:43]} 31.
Bxe3 {[%clk 00:34:02]} {[%emt 00:00:08]} h5 {[%clk 00:18:14]} {[%emt 00:01:45]}
32. a3 {[%clk 00:32:45]} {[%emt 00:01:29]} hxg4 {[%clk 00:17:26]} {[%emt
00:00:58]} 33. hxg4 {[%clk 00:32:40]} {[%emt 00:00:14]} a4 {[%clk 00:17:23]}
{[%emt 00:00:14]} 34. Kg2 {[%clk 00:32:17]} {[%emt 00:00:33]} f5 {[%clk
00:16:56]} {[%emt 00:00:36]} 35. Kg3 {[%clk 00:32:05]} {[%emt 00:00:23]} Kg6
{[%clk 00:15:44]} {[%emt 00:01:21]} 36. Kf4 {[%clk 00:29:25]} {[%emt 00:02:50]}
Kf7 {[%emt 00:01:12]} 37. Ke5 {[%emt 00:00:03]} Kg6 {[%emt 00:00:04]} 38. Kf4
Kf6 39. Bd4+ Kg6 {[%emt 00:00:07]} 40. Ke5 {[%emt 00:00:01]} Bc8 {[%emt
00:00:06]} 41. Kd6 1/2-1/2